Canciones [de Neil Young] /

Salvato in:
Dettagli Bibliografici
Autore principale: Young, Neil (autor)
Altri autori: Juliá Campos, Ignacio (prólogo) (prólogo)
Natura: Libro
Lingua:spagnolo
Pubblicazione: Madrid, España : Fundamentos, 1995, c1995
Edizione:2a edición
Serie:(Espiral. Canciones ; 144)
Soggetti:
Tags: Aggiungi Tag
Nessun Tag, puoi essere il primo ad aggiungerne!!

MARC

LEADER 00000nam^a2200000^a^4500
001 000165390
005 20250521000000.0
009 20260310101015.161
020 |a 84-245-0571-9 
037 |a Acervo ITESO - Biblioteca 
041 |a ESP 
082 |a 787. 10971  |b YOU 
100 |a Young, Neil  |e (autor) 
245 1 0 |a Canciones [de Neil Young] /  |c N. Young ; pról. de I. Juliá Campos ; tr. por Alberto Manzano. 
250 |a 2a edición 
264 4 |a Madrid, España :  |b Fundamentos,  |c 1995, c1995 
300 |a 127 p. 
336 |a texto  |b txt  |2 rdacontenido 
337 |a sin mediación  |b n  |2 rdamedio 
338 |a volumen  |b nc  |2 rdasoporte 
440 1 |a (Espiral.  |p Canciones ;  |v 144) 
546 |a Edición bilingüe español-inglés 
649 |a XX 
650 |a Músicos Canadienses 
650 |a Cancioneros 
650 |a Rock -  |z Canadá 
650 |a Rock 
650 |a Música Popular Moderna -  |y Siglo XX 
650 |a Música Popular Moderna -  |z Canadá 
650 |a Música Canadiense -  |y Siglo XX 
650 |a Young, Neil 
700 |a Juliá Campos, Ignacio  |e (prólogo) 
910 |a Fondo General 
920 |a Impresos - Libros 
930 |a Colección General 
905 |a 101 
901 |a 0500100070  |b IT1  |c ACC  |u 20250521 
902 |a https://opac.biblio.iteso.mx/vufind/Record/000165390